Tribhuvan University Central Library

California special education programs; a composite of laws; education code part 30 other related laws and California code of regulations-title5 (Record no. 84157)

MARC details
000 -LEADER
fixed length control field 00571nam a22001697a 4500
008 - FIXED-LENGTH DATA ELEMENTS--GENERAL INFORMATION
fixed length control field 190127b xxu||||| |||| 00| 0 eng d
020 ## - INTERNATIONAL STANDARD BOOK NUMBER
International Standard Book Number 0-8011-1198-6
082 ## - DEWEY DECIMAL CLASSIFICATION NUMBER
Classification number 371/H592c
100 ## - MAIN ENTRY--PERSONAL NAME
Personal name Hinkle, Paul D.
245 ## - TITLE STATEMENT
Title California special education programs; a composite of laws; education code part 30 other related laws and California code of regulations-title5
250 ## - EDITION STATEMENT
Edition statement 17th ed.
260 ## - PUBLICATION, DISTRIBUTION, ETC.
Place of publication, distribution, etc. Sacramento:
Name of publisher, distributor, etc. California Department of Education,
Date of publication, distribution, etc. 1995.
300 ## - PHYSICAL DESCRIPTION
Extent vp.
650 ## - SUBJECT ADDED ENTRY--TOPICAL TERM
Topical term or geographic name entry element Special education
9 (RLIN) 5883
650 ## - SUBJECT ADDED ENTRY--TOPICAL TERM
Topical term or geographic name entry element Educational law
942 ## - ADDED ENTRY ELEMENTS (KOHA)
Source of classification or shelving scheme Dewey Decimal Classification
Koha item type General Collections
Holdings
Withdrawn status Lost status Source of classification or shelving scheme Damaged status Not for loan Home library Current library Shelving location Date acquired Total Checkouts Full call number Barcode Date last seen Price effective from Koha item type
    Dewey Decimal Classification     Tribhuvan University Central Library Tribhuvan University Central Library New Building 01/27/2019   371/H592c G80237 01/27/2019 01/27/2019 General Collections